| Tag |
First Indicator |
Second Indicator |
Subfields |
| LEADER |
00000cam a22000008a 4500 |
| 001 |
in00000099657 |
| 005 |
20150924160315.0 |
| 008 |
811130r1982 nyuaf bc 00010 eng |
| 010 |
|
|
|a 81022300
|
| 020 |
|
|
|a 0394525221 :
|c $30.00
|
| 020 |
|
|
|a 0394710525 (pbk.) :
|c $14.95
|
| 035 |
|
|
|a (OCoLC)08032522
|
| 035 |
|
|
|9 AAL0275AM
|
| 040 |
|
|
|a DLC
|c DLC
|d TXA
|d UtOrBLW
|
| 043 |
|
|
|a e-gx---
|
| 049 |
|
|
|a TXAM
|c [1673830]
|
| 050 |
0 |
0 |
|a TR73
|b .C64
|
| 082 |
0 |
|
|a 779/.0943/074
|2 19
|
| 100 |
1 |
|
|a Coke, Van Deren,
|d 1921-2004.
|
| 245 |
1 |
0 |
|a Avant-garde photography in Germany, 1919-1939 /
|c [text by] Van Deren Coke.
|
| 250 |
|
|
|a 1st. American ed.
|
| 263 |
|
|
|a 8204
|
| 264 |
|
1 |
|a New York :
|b Pantheon Books,
|c [1982]
|
| 264 |
|
4 |
|c ©1982
|
| 300 |
|
|
|a 59 pages, 118 unnumbered pages of plates :
|b illustrations ;
|c 28 cm.
|
| 336 |
|
|
|a text
|b txt
|2 rdacontent
|
| 337 |
|
|
|a unmediated
|b n
|2 rdamedia
|
| 338 |
|
|
|a volume
|b nc
|2 rdacarrier
|
| 650 |
|
0 |
|a Photography
|z Germany
|x History.
|
| 650 |
|
0 |
|a Photography
|z Germany
|x History
|x Exhibitions.
|
| 999 |
|
|
|a MARS
|
| 999 |
f |
f |
|s 5e7a6a87-d56d-398e-a7a8-99a725500f7c
|i d8ffb0e5-2049-3f4d-8189-7f363dda6ba7
|t 0
|
| 952 |
f |
f |
|p normal
|a Texas A&M University
|b College Station
|c Sterling C. Evans Library
|d Evans: Library Stacks
|t 0
|e TR73 .C64
|h Library of Congress classification
|i unmediated -- volume
|m A14806281766
|
| 998 |
f |
f |
|a TR73 .C64
|t 0
|l Evans: Library Stacks
|